000 00601nam a22001817a 4500
005 20251108173255.0
008 250721s2003 xx 000 0 ara d
082 1 4 _a291/سقا
100 1 _aالسقا، أحمد حجازي
_eمؤلف
245 1 0 _aالصابئين( الأمة المقتصدة)ي التوراة والإنجيل والقرآن /
264 1 _aالجيزة :
_bمكتبة النافذة،
_c2003.
300 _a375ص.
650 1 7 _aالديانات المقارنة
650 1 7 _aالطوائف
700 1 _aمحمد، علي جمعة
942 _2ddc
_cBK
999 _c100096
_d100096